Любовь, любовь, любовь ... (Запись № 3207557)

Подробности
000 -МАРКЕР
контрольное поле 01383nam0a2200325 i 4500
001 - ИДЕНТИФИКАТОР ЗАПИСИ
контрольное поле RU\NLR\bibl\1924002
005 - ИДЕНТИФИКАТОР ВЕРСИИ
контрольное поле 20260406072002.0
010 ## - МЕЖДУНАРОДНЫЙ СТАНДАРТНЫЙ НОМЕР КНИГИ (ISBN)
Номер (ISBN) 9785399000367
Тираж 5000
021 ## - НОМЕР ГОСУДАРСТВЕННОЙ РЕГИСТРАЦИИ
Код страны Российская Федерация
Номер 2012-45350
Номер Листа государственной регистраци 3334
035 ## - ДРУГИЕ СИСТЕМНЫЕ НОМЕРА
Идентификатор записи (NLR Aleph) 001913427
100 ## - ДАННЫЕ ОБЩЕЙ ОБРАБОТКИ
Данные общей обработки 20120713d2011 u y0rusy50 ca
101 1# - ЯЗЫК РЕСУРСА
Язык текста, звукозаписи и т.д. русский
Язык оригинала французский
102 ## - СТРАНА ПУБЛИКАЦИИ ИЛИ ПРОИЗВОДСТВА
Страна публикации Российская Федерация
105 ## - ПОЛЕ КОДИРОВАННЫХ ДАННЫХ: ТЕКСТОВЫЕ МАТЕРИАЛЫ, МОНОГРАФИЧЕСКИЕ
Кодированные данные о монографическом текстовом документе y |||||||||
200 1# - ЗАГЛАВИЕ И СВЕДЕНИЯ ОБ ОТВЕТСТВЕННОСТИ
Основное заглавие Любовь, любовь, любовь ...
Параллельное заглавие Amour, amour, amour
Сведения, относящиеся к заглавию о разных способах улучшения отношений, о приятии других и себя
Первые сведения об ответственности Лиз Бурбо
Последующие сведения об ответственности [пер.: Н. Белоусова]
Язык параллельного заглавия французский
210 ## - ПУБЛИКАЦИЯ, РАСПРОСТРАНЕНИЕ И ДР.
Место издания, распространения и т.д. Москва
Имя издателя, распространителя и т. д. София
Дата издания, распространения и т.д. 2011
215 ## - ФИЗИЧЕСКАЯ ХАРАКТЕРИСТИКА
Специфическое обозначение материала и объем 284, [1] c.
Размеры 22
225 1# - СЕРИЯ
Основное заглавие серии Серия Слушай свое тело
300 ## - ОБЩИЕ ПРИМЕЧАНИЯ
Текст примечания Авт. также на фр. яз.: Lise Bourbeau
510 0# - ПАРАЛЛЕЛЬНОЕ ЗАГЛАВИЕ
Связь между полями z45790
Параллельное заглавие Amour, amour, amour
Язык заглавия французский
606 1# - НАИМЕНОВАНИЕ ТЕМЫ КАК ПРЕДМЕТ
Наименование темы Любовь
Формальный подзаголовок Популярные издания
Тематический подзаголовок Социально-психологические исследования
Системный номер авторитетной/нормативной записи 2154281
Идентификатор авторитетной/нормативной записи RU\NLR\auth\661297044
686 ## - ИНДЕКСЫ ДРУГИХ КЛАССИФИКАЦИЙ
Индекс С550.53я9
700 #1 - ИМЯ ЛИЦА - ПЕРВИЧНАЯ ОТВЕТСТВЕННОСТЬ
Код отношения Автор
Материалы, к которым относится поле rus
Графика поля Кириллица
Начальный элемент ввода Бурбо
Часть имени, кроме начального элемента ввода Л.
Даты 1941-
Расширение инициалов личного имени Лиз
Идентификатор авторитетной/нормативной записи RU\NLR\auth\7729312
Системный номер авторитетной/нормативной записи 12341
790 #1 - ИМЯ ЛИЦА - АЛЬТЕРНАТИВНАЯ ФОРМА
Код отношения Автор
Материалы, к которым относится поле fre
Графика поля Латинская
Начальный элемент ввода Bourbeau
Часть имени, кроме начального элемента ввода L.
Даты 1941-
Расширение инициалов личного имени Lise
Идентификатор авторитетной/нормативной записи RU\NLR\auth\7729314
Системный номер авторитетной/нормативной записи 12343
801 #0 - ИСТОЧНИК ЗАПИСИ
Страна Российская Федерация
Организация NLR
Дата составления 20120713
Правила каталогизации RCR
801 #1 - ИСТОЧНИК ЗАПИСИ
Страна Российская Федерация
Организация NLR
Дата составления 20120713
942 ## - ДОПОЛНИТЕЛЬНЫЕ ЭЛЕМЕНТЫ ЗАПИСИ (АБИС)
Тип экземпляра АБИС Книга
980 ## - КОЛЛЕКЦИЯ
Название коллекции НБР

Нет доступных экземпляров.